000 00749nam a2200241 a 4500
001 BRCA_5351
005 20190320205037.0
008 081210s1975----enkab#####---#000-0#eng-#
020 _a0091256704
041 _aeng
044 _aenk
050 4 _aN5208.5
_b.C47 1975
245 1 0 _aChristie´s review of the season 1975
_cedited by John Herbert.
260 _aInglaterra
_bHutchinson
_c1975
300 _a472 p.
_bil. (algunas a color)
_c25 cm.
501 _aIncluye índice de nombres
501 _aDonación Dr. Héctor Rivero Borrell Vázquez
650 1 4 _aArte
_xColeccionistas y colecciones
_97445
650 1 4 _aSubastas
_xColeccionistas y colecciones
_910730
700 1 _aHerbert, John
_eEditor
_913713
902 _aDHR
942 _2lcc
_cB
999 _c5045
_d5045